000 00899cam a2200265 a 4500
001 000015741
005 20200929164133.0
008 960212s1994 flu 001 0 spa d
035 _a(DLC) 96114215
040 _aDO-SdBNP
_cDLC
_dBNPHU
082 _a070.444
_bS112c
100 1 _aSaavedra, Rodolfo.
_935411
245 1 0 _aCuriosi-mundo :
_buna recopilación de 300 noticias insólitas /
_cRodolfo Saavedra ; prólogo Luis Mario.
260 _aMiami, Florida :
_b[sn],
_c1994.
300 _a203 p. ;
_c22 cm.
590 _aEjemplar autobiografiado por el autor.
650 4 _aPeriodismo
_929
650 4 _aPeriodismo
_xColecciones de escritos
_935412
650 4 _aHumorismo
_zNicaragua
_935413
650 4 _aRecopilación de datos
_935414
650 4 _aRecopilación de información
_935415
700 1 _aMario, Luis,
_epról.
_935416
910 _aCatalogación por copia / LC
049 _aBNGR
999 _c15291
_d15291